[Event "Harrogate 4NCL op-B 29th"]
[Site "Harrogate"]
[Date "2023.01.21"]
[Round "3"]
[White "Mata, Andrew B"]
[Black "Hymer, Barry J"]
[Result "1-0"]
[WhiteElo "1868"]
[BlackElo "1987"]
[PlyCount "71"]
[EventDate "2023.01.20"]
[EventType "swiss"]
[EventRounds "5"]
[EventCountry "ENG"]
[SourceTitle "CBM 212 Extra"]
[Source "ChessBase"]
[SourceDate "2023.03.31"]
[SourceVersion "1"]
[SourceVersionDate "2023.03.31"]
[SourceQuality "1"]

1. d4 Nf6 2. c4 c5 3. d5 e5 4. dxe6 fxe6 5. Nc3 d5 6. cxd5 exd5 7. e3 d4 8. exd4 cxd4 9. Qe2+ Be7 10. Ne4 0-0 11. Qc4+ Kh8 12. Bd3 Nc6 13. Nf3 Bg4 14. Neg5 Bb4+ 15. Kf1 Qe7 16. a3 Bd6 17. Bd2 Ne5 18. Nxe5 Bxe5 19. Bb4 Qd7 20. Re1 Rac8 21. Qb3 Bf4 22. Bxf8 Rxf8 23. Ne6 Bxe6 24. Qxe6 Qa4 25. Qc4 Qd7 26. Qb4 Rc8 27. h4 Ng4 28. Rh3 Qf7 29. Qe7 Qh5 30. Kg1 Bd2 31. Rf3 Nf6 32. Rxf6 gxf6 33. Qxf6+ Kg8 34. Qe6+ Kg7 35. Qd7+ Kf6 36. Re6# 1-0

[Event "Harrogate 4NCL op 27th"]
[Site "Harrogate"]
[Date "2022.01.22"]
[Round "3"]
[White "Bak, Christopher"]
[Black "Hymer, Barry J"]
[Result "1-0"]
[WhiteElo "2022"]
[BlackElo "1896"]
[PlyCount "63"]
[EventDate "2022.01.21"]
[EventType "swiss"]
[EventRounds "5"]
[EventCountry "ENG"]
[SourceTitle "CBM 206 Extra"]
[Source "ChessBase"]
[SourceDate "2022.03.31"]
[SourceVersion "1"]
[SourceVersionDate "2022.03.31"]
[SourceQuality "1"]

1. e4 d6 2. d4 Nf6 3. Nc3 e5 4. Nge2 Be7 5. g3 0-0 6. Bg2 c6 7. a4 a5 8. 0-0 Na6 9. h3 Re8 10. Be3 Nb4 11. Kh2 exd4 12. Bxd4 Be6 13. f4 Nd7 14. g4 Bc4 15. Rg1 Qc7 16. Ng3 Bf8 17. Qd2 Rad8 18. Rad1 f6 19. Qf2 Bf7 20. Be3 d5 21. exd5 Nxc2 22. Qxc2 Rxe3 23. Nce2 Bd6 24. dxc6 Bb3 25. Qc1 Bxf4 26. Nxf4 Qxf4 27. Rxd7 Qxg3+ 28. Kh1 Rde8 29. c7 Re1 30. Rd8 Rxc1 31. Rxc1 Kf7 32. Rxe8 1-0

[Event "BCF-chT2b 1920 (4NCL)"]
[Site "Daventry"]
[Date "2020.02.08"]
[Round "5.87"]
[White "Hymer, Barry J"]
[Black "Milson, Samuel"]
[Result "0-1"]
[WhiteElo "1874"]
[BlackElo "2115"]
[PlyCount "68"]
[EventDate "2020.01.11"]
[EventType "team-tourn"]
[EventRounds "11"]
[EventCountry "ENG"]
[SourceTitle "CBM 194 Extra"]
[Source "ChessBase"]
[SourceDate "2020.03.31"]
[SourceVersion "1"]
[SourceVersionDate "2020.03.31"]
[SourceQuality "1"]
[WhiteTeam "Manchester Manticores"]
[BlackTeam "Grantham Sharks II"]
[WhiteTeamCountry "ENG"]
[BlackTeamCountry "ENG"]

1. Nf3 Nf6 2. g3 d5 3. Bg2 e6 4. 0-0 Be7 5. d3 c5 6. Nbd2 Nc6 7. e4 b5 8. Re1 Bb7 9. e5 Nd7 10. Nf1 a5 11. h4 Qc7 12. Bf4 Nb6 13. Ne3 d4 14. Ng4 Nd5 15. Bg5 Bf8 16. h5 h6 17. Bh4 a4 18. Nd2 Nce7 19. Bxe7 Bxe7 20. Ne4 a3 21. Qc1 c4 22. c3 cxd3 23. Nd6+ Bxd6 24. exd6 axb2 25. Qxb2 Qxc3 26. d7+ Ke7 27. Qxb5 Bc6 28. Qb3 d2 29. Red1 Rhb8 30. Qxc3 dxc3 31. Ne5 Ba4 32. Be4 f6 33. Nc4 Bxd1 34. Rxd1 Rxa2 0-1

[Event "Basingstoke 4NCL Spring Bank 2nd U2050"]
[Site "Basingstoke"]
[Date "2019.05.26"]
[Round "4"]
[White "Carter, Rebecca"]
[Black "Hymer, Barry J"]
[Result "0-1"]
[WhiteElo "1598"]
[BlackElo "1884"]
[PlyCount "74"]
[EventDate "2019.05.24"]
[EventType "swiss"]
[EventRounds "7"]
[EventCountry "ENG"]
[SourceTitle "EXT 2020"]
[Source "ChessBase"]
[SourceDate "2019.10.17"]
[SourceVersion "1"]
[SourceVersionDate "2019.10.17"]
[SourceQuality "1"]

1. c4 e5 2. Nc3 d6 3. Nf3 f5 4. g3 Nf6 5. Bg2 c6 6. 0-0 Be7 7. d3 0-0 8. b4 Qe8 9. b5 Bd8 10. a4 Kh8 11. Ba3 c5 12. Nd2 Qg6 13. Bc1 Nbd7 14. a5 Rb8 15. a6 b6 16. Ndb1 Rf7 17. Qd2 h6 18. Qd1 Nf8 19. Nd5 Ne6 20. Nbc3 h5 21. h4 f4 22. Kh2 Nd4 23. Nxf6 gxf6 24. e3 fxg3+ 25. Kh1 Nf5 26. Be4 gxf2 27. Rxf2 Ng3+ 28. Kh2 Nxe4 29. Nxe4 Bg4 30. Qg1 f5 31. Ng5 Bxg5 32. hxg5 Qxg5 33. Qg3 Rbf8 34. e4 f4 35. Qg2 Qh4+ 36. Kg1 Rg8 37. Qh2 Be2+ 0-1

[Event "Basingstoke 4NCL Spring Bank 2nd U2050"]
[Site "Basingstoke"]
[Date "2019.05.26"]
[Round "5"]
[White "Hymer, Barry J"]
[Black "Zheng, Jerry Z"]
[Result "1-0"]
[WhiteElo "1884"]
[BlackElo "1520"]
[PlyCount "49"]
[EventDate "2019.05.24"]
[EventType "swiss"]
[EventRounds "7"]
[EventCountry "ENG"]
[SourceTitle "EXT 2020"]
[Source "ChessBase"]
[SourceDate "2019.10.17"]
[SourceVersion "1"]
[SourceVersionDate "2019.10.17"]
[SourceQuality "1"]

1. Nf3 Nf6 2. g3 e6 3. Bg2 Be7 4. 0-0 0-0 5. d3 d5 6. Nbd2 c5 7. e4 Nc6 8. Re1 b5 9. e5 Nd7 10. Nf1 a5 11. h4 b4 12. N1h2 a4 13. a3 bxa3 14. bxa3 Rb8 15. Bf4 Ba6 16. Bh3 Qa5 17. Ng5 Rb2 18. Nxe6 Rfb8 19. Nxg7 Ndxe5 20. Rxe5 Bf6 21. Nh5 Bxe5 22. Qg4+ Kf8 23. Bh6+ Bg7 24. Bxg7+ Kg8 25. Nf6# 1-0

[Event "BCF-chT3N 1819 (4NCL)"]
[Site "England"]
[Date "2019.05.05"]
[Round "10.36"]
[White "Hymer, Barry J"]
[Black "Davison, Colin FS"]
[Result "1-0"]
[WhiteElo "2042"]
[BlackElo "1856"]
[PlyCount "69"]
[EventDate "2018.11.10"]
[EventType "team-swiss"]
[EventRounds "11"]
[EventCountry "ENG"]
[SourceTitle "EXT 2021"]
[Source "ChessBase"]
[SourceDate "2020.10.23"]
[SourceVersion "1"]
[SourceVersionDate "2020.10.23"]
[SourceQuality "1"]
[WhiteTeam "Manchester Manticores II"]
[BlackTeam "Cheddleton II"]
[WhiteTeamCountry "ENG"]
[BlackTeamCountry "ENG"]

1. Nf3 g6 2. g3 Bg7 3. Bg2 Nf6 4. d3 d6 5. e4 Nbd7 6. 0-0 0-0 7. Nbd2 c6 8. a4 Qc7 9. Re1 Re8 10. a5 e5 11. b3 Nc5 12. Bb2 Bg4 13. h3 Bxf3 14. Nxf3 Rad8 15. Qd2 Rd7 16. Qe3 b6 17. b4 Ne6 18. axb6 axb6 19. Ra6 c5 20. c3 Qb7 21. Rea1 Nc7 22. Ra7 Qc6 23. c4 cxb4 24. h4 Rdd8 25. Qd2 Nd7 26. d4 b5 27. Qxb4 bxc4 28. d5 Nxd5 29. exd5 Qxd5 30. Nxe5 Qc5 31. Qxc5 Nxc5 32. Nxc4 Bxb2 33. Nxb2 Re2 34. Nc4 d5 35. Ra8 1-0

[Event "Bolton Easter op"]
[Site "Bolton"]
[Date "2019.04.21"]
[Round "4"]
[White "Bimpson, Tom"]
[Black "Hymer, Barry J"]
[Result "0-1"]
[WhiteElo "1920"]
[BlackElo "1884"]
[PlyCount "38"]
[EventDate "2019.04.19"]
[EventType "swiss"]
[EventRounds "5"]
[EventCountry "ENG"]
[SourceTitle "CBM 190 Extra"]
[Source "ChessBase"]
[SourceDate "2019.07.15"]
[SourceVersion "1"]
[SourceVersionDate "2019.07.15"]
[SourceQuality "1"]

1. d4 d6 2. Bf4 Nd7 3. Nf3 g6 4. e3 Bg7 5. h3 e5 6. dxe5 dxe5 7. Bh2 Ne7 8. Bc4 0-0 9. Nc3 c6 10. a4 h6 11. e4 Qb6 12. Rb1 a5 13. 0-0 Qb4 14. Qe2 Kh7 15. Rfd1 g5 16. Na2 Qc5 17. Nc1 Ng6 18. Nb3 Qe7 19. Rd2 Nb6 0-1

[Event "Frodsham op"]
[Site "Frodsham"]
[Date "2018.02.03"]
[Round "2"]
[White "Hymer, Barry J"]
[Black "Newton, Robert"]
[Result "1-0"]
[WhiteElo "1832"]
[BlackElo "1973"]
[PlyCount "85"]
[EventDate "2018.02.02"]
[EventType "swiss"]
[EventRounds "5"]
[EventCountry "ENG"]
[SourceTitle "CBM 182 Extra"]
[Source "ChessBase"]
[SourceDate "2018.02.23"]
[SourceVersion "1"]
[SourceVersionDate "2018.02.23"]
[SourceQuality "1"]

1. d4 g6 2. e4 Bg7 3. Nf3 d6 4. Nc3 Bg4 5. Be3 Nd7 6. Be2 c6 7. h3 Bxf3 8. Bxf3 Qc7 9. a4 a6 10. 0-0 e6 11. Re1 h6 12. Qd2 Ne7 13. a5 Kf8 14. Ne2 Kg8 15. g4 Rd8 16. c3 Kh7 17. Ng3 Rhe8 18. Kh1 c5 19. b4 cxd4 20. cxd4 Qb8 21. b5 axb5 22. Rab1 b4 23. Rxb4 Nc6 24. Rb5 Qa8 25. Reb1 e5 26. d5 Nd4 27. Bxd4 exd4 28. Rxb7 Ne5 29. Be2 d3 30. Bxd3 Nxd3 31. Qxd3 Qxa5 32. Rxf7 Rf8 33. Rbb7 Rxf7 34. Rxf7 Kg8 35. Rf3 Qa1+ 36. Kg2 Rb8 37. Qa3 Qe5 38. Qa7 Rf8 39. Rxf8+ Bxf8 40. Qd7 Bg7 41. h4 Qf4 42. h5 gxh5 43. Qxg7+ 1-0

[Event "Harrogate 4NCL op-A 17th"]
[Site "Harrogate"]
[Date "2018.01.20"]
[Round "2"]
[White "Hymer, Barry J"]
[Black "Yoon, Jacob D"]
[Result "0-1"]
[WhiteElo "1839"]
[BlackElo "2067"]
[PlyCount "116"]
[EventDate "2018.01.19"]
[EventType "swiss"]
[EventRounds "5"]
[EventCountry "ENG"]
[SourceTitle "CBM 182 Extra"]
[Source "ChessBase"]
[SourceDate "2018.02.23"]
[SourceVersion "1"]
[SourceVersionDate "2018.02.23"]
[SourceQuality "1"]

1. d4 Nf6 2. Nf3 e6 3. Bf4 c5 4. e3 Nc6 5. c3 d5 6. Bd3 Be7 7. 0-0 Nh5 8. Bg3 Nxg3 9. hxg3 0-0 10. Nbd2 Bf6 11. dxc5 Qe7 12. Qc2 g6 13. b4 a5 14. Rab1 e5 15. e4 d4 16. b5 Nb8 17. cxd4 exd4 18. e5 Bg7 19. Rfe1 Nd7 20. Ne4 Nxe5 21. Nxd4 Rd8 22. Nd6 Rxd6 23. cxd6 Qxd6 24. Rbd1 Qxd4 25. Bxg6 Qb6 26. Bxh7+ Kh8 27. Rd5 Bg4 28. Rdxe5 Bxe5 29. Rxe5 Rc8 30. Qb1 Qh6 31. f4 Qxh7 32. Qxh7+ Kxh7 33. Re7 Rb8 34. Rxf7+ Kg6 35. Rc7 b6 36. Kf2 Re8 37. Rc6+ Re6 38. a3 Kf5 39. Rc4 Re2+ 40. Kf1 Rb2 41. Rc7 Rxb5 42. Rf7+ Kg6 43. Rf8 Kg7 44. Rb8 Rb2 45. Rb7+ Kf6 46. Rb8 b5 47. Rg8 Be2+ 48. Ke1 Bc4 49. Rf8+ Ke7 50. Ra8 a4 51. g4 Rxg2 52. Ra7+ Kd6 53. Ra6+ Kd5 54. g5 Ke4 55. Rf6 Ke3 56. Kd1 Rf2 57. f5 Kd3 58. Rd6+ Kc3 0-1

[Event "Coventry 4NCL op-B 16th"]
[Site "Coventry"]
[Date "2017.11.03"]
[Round "1"]
[White "Hymer, Barry J"]
[Black "Bennett, Dominic"]
[Result "1/2-1/2"]
[WhiteElo "1809"]
[BlackElo "1953"]
[PlyCount "130"]
[EventDate "2017.11.03"]
[EventType "swiss"]
[EventRounds "5"]
[EventCountry "ENG"]
[SourceTitle "CBM 181 Extra"]
[Source "ChessBase"]
[SourceDate "2017.12.12"]
[SourceVersion "1"]
[SourceVersionDate "2017.12.12"]
[SourceQuality "1"]

1. d4 e6 2. Nf3 Be7 3. Bf4 f5 4. e3 Nf6 5. c4 0-0 6. Nc3 d6 7. Be2 Kh8 8. 0-0 Nh5 9. Ne1 Nxf4 10. exf4 g5 11. fxg5 Bxg5 12. f4 Bf6 13. Nf3 c6 14. Kh1 a6 15. b4 b5 16. c5 a5 17. a3 Na6 18. Qb3 d5 19. Ne5 Bd7 20. Rf3 Bxe5 21. fxe5 axb4 22. axb4 Nxc5 23. Rxa8 Nxb3 24. Rxd8 Rxd8 25. Nxb5 Nd2 26. Rd3 Ne4 27. Nd6 Nf2+ 28. Kg1 Nxd3 29. Nf7+ Kg7 30. Nxd8 Nxb4 31. Nb7 Nc2 32. Nc5 Bc8 33. Nb3 h6 34. Kf2 Kg6 35. Bd1 Nb4 36. Nc5 Na6 37. Nb3 Bd7 38. Ke3 Be8 39. Be2 Nc7 40. Nc5 Kf7 41. Kf4 Ke7 42. g4 fxg4 43. Bxg4 Bf7 44. h4 Bg6 45. h5 Bf7 46. Ke3 Ne8 47. Nd3 Bg8 48. Nf4 Nc7 49. Nd3 Na6 50. Bh3 Bh7 51. Nf4 Nc7 52. Bg4 Kf7 53. Bd1 Na6 54. Bg4 Bf5 55. Bxf5 exf5 56. Nd3 Ke7 57. Kf3 Kf7 58. Ke3 Ke7 59. Kd2 Nc7 60. Ke3 Ne6 61. Nb4 Kd7 62. Nd3 Ke7 63. Nb4 Kd7 64. Nd3 Ke7 65. Nb4 Kd7 1/2-1/2

[Event "Doncaster 4NCL op-A 15th"]
[Site "Doncaster"]
[Date "2017.09.09"]
[Round "3"]
[White "Hymer, Barry J"]
[Black "Ilett, Raymond"]
[Result "1-0"]
[WhiteElo "1777"]
[BlackElo "1876"]
[PlyCount "61"]
[EventDate "2017.09.08"]
[EventType "swiss"]
[EventRounds "5"]
[EventCountry "ENG"]
[SourceTitle "CBM 180 Extra"]
[Source "ChessBase"]
[SourceDate "2017.10.06"]
[SourceVersion "1"]
[SourceVersionDate "2017.10.06"]
[SourceQuality "1"]

1. d4 Nf6 2. Nf3 b6 3. c4 e6 4. Nc3 Bb7 5. Qc2 d5 6. a3 Be7 7. cxd5 Nxd5 8. Nxd5 exd5 9. Bf4 c6 10. e3 Nd7 11. Bd3 Nf6 12. Ne5 c5 13. Qa4+ Kf8 14. 0-0 c4 15. Bf5 a6 16. g4 g6 17. Bh6+ Kg8 18. Kh1 Bf8 19. Bxf8 Kxf8 20. g5 gxf5 21. gxf6 b5 22. Qd1 Bc8 23. Qh5 Qxf6 24. Rg1 Ra7 25. Rg2 f4 26. Qf3 Be6 27. Rag1 Qh6 28. exf4 f6 29. f5 Bg8 30. Qg3 fxe5 31. Qxe5 1-0

[Event "Blackpool op 41st"]
[Site "Blackpool"]
[Date "2017.03.11"]
[Round "2"]
[White "Hymer, Barry J"]
[Black "Merriman, John"]
[Result "0-1"]
[WhiteElo "1683"]
[BlackElo "2226"]
[PlyCount "56"]
[EventDate "2017.03.10"]
[EventType "swiss"]
[EventRounds "5"]
[EventCountry "ENG"]
[SourceTitle "CBM 177 Extra"]
[Source "ChessBase"]
[SourceDate "2017.04.27"]
[SourceVersion "1"]
[SourceVersionDate "2017.04.27"]
[SourceQuality "1"]

1. d4 e6 2. Nc3 d5 3. Bf4 Nf6 4. e3 Bd6 5. Nf3 Bxf4 6. exf4 0-0 7. Bd3 b6 8. 0-0 c5 9. Re1 Nc6 10. Bb5 Ne7 11. Ne5 Bb7 12. g4 Qc7 13. Bd3 g6 14. Re3 Rad8 15. Rh3 Nd7 16. g5 cxd4 17. Nb5 Qb8 18. Nxd7 Rxd7 19. Qg4 f5 20. gxf6 Rxf6 21. Nxd4 Nf5 22. Nxe6 Qd6 23. Bxf5 Rxf5 24. Re1 d4 25. Ng5 Re7 26. Qd1 Qxf4 27. Re2 Rxg5+ 28. Rg3 Qf3 0-1

[Event "BCF-ch 103rd U160/1900"]
[Site "Bournemouth"]
[Date "2016.08.04"]
[Round "4"]
[White "Hymer, Barry J"]
[Black "Hodge, Nicholas A"]
[Result "1-0"]
[WhiteElo "1816"]
[BlackElo "1254"]
[PlyCount "121"]
[EventDate "2016.08.01"]
[EventType "swiss"]
[EventRounds "5"]
[EventCountry "ENG"]
[SourceTitle "EXT 2019"]
[Source "ChessBase"]
[SourceDate "2018.10.10"]
[SourceVersion "1"]
[SourceVersionDate "2018.10.10"]
[SourceQuality "1"]

1. d4 d5 2. Bf4 Nf6 3. Nf3 e6 4. e3 Bd6 5. Bg3 Ne4 6. Nbd2 Nxg3 7. hxg3 Nd7 8. Bd3 h6 9. c3 e5 10. dxe5 Nxe5 11. Nxe5 Bxe5 12. Qh5 Bf6 13. 0-0-0 Be6 14. f4 g6 15. Qe2 Qe7 16. e4 0-0-0 17. e5 Bg7 18. Rde1 Qd7 19. Nb3 Rhe8 20. Nd4 Kb8 21. Qf2 a6 22. b4 c6 23. Nb3 Bf5 24. Nc5 Qc8 25. Bf1 Bf8 26. Qd4 h5 27. Kd2 Bxc5 28. bxc5 Be4 29. Qb4 Ka8 30. Ke3 Re7 31. Kf2 Qf5 32. Qb6 Rdd7 33. Bxa6 bxa6 34. Qxa6+ Ra7 35. Qxc6+ Rab7 36. Re2 Qd7 37. Qa6+ Ra7 38. Qb6 Qb7 39. Qd6 Qc7 40. Rb2 Rd7 41. Qb6 Qxb6 42. cxb6 Rab7 43. a4 Bd3 44. a5 Rb8 45. Ke3 Bc4 46. Kd4 Kb7 47. Rb4 Rc8 48. f5 gxf5 49. Rxh5 Be2 50. Rxf5 Rc4+ 51. Rxc4 Bxc4 52. Kc5 Bb3 53. g4 Ba4 54. Rf6 Bb3 55. g5 Re7 56. Kd6 Re8 57. Rxf7+ Ka6 58. Ra7+ Kb5 59. b7 Rg8 60. Ra8 Rg6+ 61. e6 1-0

[Event "BCF-ch 103rd U160/1900"]
[Site "Bournemouth"]
[Date "2016.08.03"]
[Round "3"]
[White "Dean, Robert A"]
[Black "Hymer, Barry J"]
[Result "1-0"]
[WhiteElo "1808"]
[BlackElo "1816"]
[PlyCount "93"]
[EventDate "2016.08.01"]
[EventType "swiss"]
[EventRounds "5"]
[EventCountry "ENG"]
[SourceTitle "EXT 2019"]
[Source "ChessBase"]
[SourceDate "2018.10.10"]
[SourceVersion "1"]
[SourceVersionDate "2018.10.10"]
[SourceQuality "1"]

1. e4 e5 2. Nf3 d6 3. Bc4 Nf6 4. d3 Be7 5. Nc3 0-0 6. h3 c6 7. 0-0 a5 8. a4 Na6 9. Re1 h6 10. Bd2 Re8 11. Ne2 Bf8 12. Ng3 Nc5 13. Bc3 Be6 14. Bxe6 Nxe6 15. Nf5 g6 16. Ne3 b5 17. b3 Nf4 18. Qd2 b4 19. Bb2 h5 20. Nc4 Bh6 21. Qd1 c5 22. Kh2 Ra6 23. g3 Ne6 24. Nh4 Qd7 25. Qf3 Bg5 26. Ng2 Kg7 27. Nge3 h4 28. Rf1 Rh8 29. Ng4 hxg3+ 30. fxg3 Nf4 31. gxf4 Nxg4+ 32. Kg2 Nf6 33. fxg5 Nh5 34. Nxe5 dxe5 35. Bxe5+ f6 36. gxf6+ Kf7 37. Qg4 Qe8 38. Bb2 g5 39. Rae1 Nf4+ 40. Rxf4 gxf4 41. Qg7+ Ke6 42. f7 f3+ 43. Kf2 Qb8 44. Qxh8 Qh2+ 45. Kxf3 Kxf7 46. Qg7+ Ke8 47. Qe5+ 1-0

[Event "BCF-ch Week2 PM op"]
[Site "Bournemouth"]
[Date "2016.08.02"]
[Round "2"]
[White "Rahulan, Thivyaa"]
[Black "Hymer, Barry J"]
[Result "0-1"]
[WhiteElo "1378"]
[BlackElo "1877"]
[PlyCount "76"]
[EventDate "2016.08.01"]
[EventType "swiss"]
[EventRounds "5"]
[EventCountry "ENG"]
[SourceTitle "CBM 173 Extra"]
[Source "ChessBase"]
[SourceDate "2016.08.29"]
[SourceVersion "1"]
[SourceVersionDate "2016.08.29"]
[SourceQuality "1"]

1. e4 b6 2. d4 Bb7 3. Nc3 Nf6 4. f3 e6 5. Bd3 c5 6. Nge2 Nc6 7. Be3 d5 8. dxc5 Bxc5 9. Bxc5 bxc5 10. exd5 exd5 11. 0-0 0-0 12. a3 Ne7 13. b3 Qc7 14. Bb5 a6 15. Ba4 d4 16. Nb1 Nfd5 17. Re1 Ne3 18. Qd3 N7f5 19. Ng3 Nxg3 20. hxg3 Qxg3 21. Rxe3 dxe3 22. Qxe3 Rfd8 23. Nc3 Rd6 24. Ne2 Qg6 25. Qxc5 Bxf3 26. Nf4 Qf6 27. Re1 Qxf4 28. gxf3 Rd2 29. Qf2 Rxf2 30. Kxf2 Rd8 31. Re2 Rd2 32. Rxd2 Qxd2+ 33. Kg3 Qxc2 34. f4 h5 35. f5 Qxf5 36. Kg2 h4 37. Bc6 Qc2+ 38. Kh1 Qxc6+ 0-1